| 000 | 00605cam a22001577a 4500 | ||
|---|---|---|---|
| 008 | 180718b2003 xxu||||| |||| 00| 0 eng d | ||
| 082 | _aAPPPA 2002-03 DAT/10 | ||
| 100 | _aDatt, Rajiv | ||
| 245 |
_aRegulatory framework and determination of distribution level electricity tariffs in a liberalized environment _cby Rajiv Datt |
||
| 260 |
_aNew Delhi _bIndian Institute of Public Administration _c2003 |
||
| 300 | _a69p. | ||
| 500 | _aAn APPPA M.Phil dissertation, 2002-03 (Guide: Pranab Banerji) | ||
| 650 | _aAPPPA | ||
| 650 | _aElectricity Regulatory Commission - India | ||
| 650 | _aElectricity - India | ||
| 999 |
_c492696 _d492696 |
||